Information Technology for Management (Record no. 13809)

MARC details
000 -LEADER
fixed length control field 00467nam a22001937a 4500
003 - CONTROL NUMBER IDENTIFIER
control field OSt
008 - FIXED-LENGTH DATA ELEMENTS--GENERAL INFORMATION
fixed length control field 260212b |||||||| |||| 00| 0 eng d
020 ## - INTERNATIONAL STANDARD BOOK NUMBER
International Standard Book Number 9789354641985
082 ## - DEWEY DECIMAL CLASSIFICATION NUMBER
Classification number 658.4038
Item number TUI
100 ## - MAIN ENTRY--PERSONAL NAME
Personal name TURBAN, Efraim
245 ## - TITLE STATEMENT
Title Information Technology for Management
250 ## - EDITION STATEMENT
Edition statement 12th Ed
260 ## - PUBLICATION, DISTRIBUTION, ETC. (IMPRINT)
Place of publication, distribution, etc New Delhi
Name of publisher, distributor, etc Wiley
Date of publication, distribution, etc 2024
300 ## - PHYSICAL DESCRIPTION
Extent 606p+ MISC
700 ## - ADDED ENTRY--PERSONAL NAME
Personal name POLLARD,Carol
700 ## - ADDED ENTRY--PERSONAL NAME
Personal name WOOD,Gregory
700 ## - ADDED ENTRY--PERSONAL NAME
Personal name WALI,OP
942 ## - ADDED ENTRY ELEMENTS (KOHA)
Source of classification or shelving scheme Dewey Decimal Classification
Koha item type Reference Books
Holdings
Withdrawn status Lost status Source of classification or shelving scheme Damaged status Not for loan Collection code Home library Current library Date acquired Source of acquisition Currency Cost, normal purchase price Bill Number Total Checkouts Full call number Acc. no. / Barcode Date last seen Actual Cost, discounted price Bill Date Koha item type Public note
    Dewey Decimal Classification     B.Tech(IT) PIET C-LIBRARY PIET C-LIBRARY 29/01/2026 Book House INR 1129.00 CM563   658.4038 TUI 39839 12/02/2026 959.65 29/01/2026 Reference Books Decentrilization

Design & Developed by: PIET Central Library
R70 Miles Stone Pattikalyana Samalkha Panipat 132102
mail ID :- [email protected], Phone No:- 0180-2569700 Ex.216